Toutes les communes du Lot-et-Garonne sur une carte - Statistiques

Statistiques générales
  • Ce quiz a été pris 336 fois
  • Le résultat moyen est 57 sur 319
Réponses sur la Carte
Les réponses sont colorées sur une échelle allant du rouge au vert en fonction du pourcentage des utilisateurs qui les ont devinées à leur premier essai. Vous pouvez retrouver ces pourcentages ci-dessous.
 
Statistiques - réponses
Initiale Réponse Population (2021) % Correct
A Agen 32 485
97%
V Villeneuve-sur-Lot 21 629
93%
V Villeneuve-de-Duras 320
90%
M Marmande 17 239
89%
N Nérac 6 881
77%
B Boé 5 723
66%
T Tonneins 9 337
63%
(Le) P Le Passage 9 373
57%
B Bon-Encontre 6 233
56%
F Fumel 4 717
55%
C Casteljaloux 4 521
53%
A Aiguillon 4 118
49%
P Port-Sainte-Marie 1 839
49%
D Duras 1 211
47%
L Layrac 3 816
47%
A Astaffort 2 031
46%
P Penne-d'Agenais 2 445
45%
M Monflanquin 2 350
43%
P Pont-du-Casse 4 173
43%
M Miramont-de-Guyenne 3 076
42%
Ste Sainte-Livrade-sur-Lot 6 496
42%
F Foulayronnes 5 484
39%
B Buzet-sur-Baïse 1 251
38%
C Colayrac-Saint-Cirq 3 138
37%
P Pujols 3 747
37%
B Bias 2 971
36%
C Castelmoron-sur-Lot 1 798
36%
D Damazan 1 349
36%
E Estillac 2 324
36%
Sᵗ Saint-Colomb-de-Lauzun 473
36%
C Clairac 2 568
35%
(Le) M Le Mas-d'Agenais 1 485
35%
Sᵗ Saint-Pierre-de-Buzet 282
35%
Sᵗ Saint-Pierre-de-Clairac 842
35%
Sᵗ Saint-Pierre-sur-Dropt 357
35%
(Le) T Le Temple-sur-Lot 1 088
34%
C Casseneuil 2 371
33%
C Castillonnès 1 364
33%
L Laroque-Timbaut 1 592
33%
L Lavardac 2 287
33%
V Villeréal 1 270
33%
(La) S La Sauvetat-du-Dropt 562
32%
L Laplume 1 337
31%
(La) S La Sauvetat-de-Savères 496
31%
(La) S La Sauvetat-sur-Lède 633
31%
P Prayssas 984
31%
Ste Sainte-Bazeille 3 173
31%
B Brax 2 109
30%
P Puymirol 905
30%
R Roquefort 2 102
30%
C Cancon 1 354
29%
C Castelnau-sur-Gupie 909
29%
B Barbaste 1 493
28%
Sᵗ Saint-Hilaire-de-Lusignan 1 512
28%
Sᵗ Saint-Sylvestre-sur-Lot 2 380
28%
T Tournon-d'Agenais 754
28%
V Virazeil 1 675
28%
Ste Sainte-Colombe-de-Duras 102
27%
Ste Sainte-Colombe-de-Villeneuve 501
27%
Ste Sainte-Colombe-en-Bruilhois 1 548
27%
Sᵗ Saint-Jean-de-Duras 250
27%
Sᵗ Saint-Jean-de-Thurac 564
26%
B Beaupuy 1 648
25%
C Castelculier 2 384
25%
C Caudecoste 1 132
25%
(La) C La Croix-Blanche 1 088
25%
M Mézin 1 460
25%
Sᵗ Saint-Martin-Curton 307
25%
Sᵗ Saint-Martin-de-Beauville 162
25%
Sᵗ Saint-Martin-de-Villeréal 104
25%
Sᵗ Saint-Martin-Petit 624
25%
A Aubiac 1 175
24%
L Lafox 1 090
24%
L Lauzun 735
24%
Sᵗ Saint-Antoine-de-Ficalba 715
24%
Sᵗ Saint-Étienne-de-Fougères 858
24%
C Cocumont 1 088
23%
F Feugarolles 1 010
23%
L Lamontjoie 570
23%
Sᵗ Saint-Étienne-de-Villeréal 268
23%
B Beauville 551
22%
S Sauveterre-la-Lémance 571
22%
S Sauveterre-Saint-Denis 383
22%
G Gontaud-de-Nogaret 1 625
21%
M Moirax 1 193
21%
M Montayral 2 668
21%
Sᵗ Saint-Laurent 487
21%
Sᵗ Saint-Pardoux-Isaac 1 092
21%
S Samazan 875
21%
S Sérignac-Pédoubou 175
21%
S Sérignac-sur-Garonne 1 174
21%
T Tombebœuf 454
21%
C Clermont-Dessous 844
20%
C Clermont-Soubiran 398
20%
H Houeillès 546
20%
Sᵗ Saint-Pardoux-du-Breuil 603
20%
S Sos 656
20%
B Bruch 710
19%
C Cuq 279
19%
L Laugnac 708
19%
L Lusignan-Petit 376
19%
M Monsempron-Libos 2 079
19%
Sᵗ Saint-Vincent-de-Lamontjoie 228
19%
V Vianne 979
19%
B Bajamont 993
18%
D Dausse 531
18%
L Lafitte-sur-Lot 809
18%
M Meilhan-sur-Garonne 1 344
18%
M Moncaut 578
18%
M Montagnac-sur-Auvignon 641
18%
M Montagnac-sur-Lède 271
18%
S Seyches 1 053
18%
X Xaintrailles 384
18%
C Cahuzac 310
17%
M Monclar 894
17%
Sᵗ Saint-Georges 528
17%
A Allemans-du-Dropt 489
16%
B Bourran 609
16%
L Lédat 1 425
16%
M Marmont-Pachas 168
16%
P Puymiclan 692
16%
V Varès 660
16%
F Fals 404
15%
F Fauguerolles 815
15%
F Francescas 732
15%
L Lacapelle-Biron 406
15%
L Laparade 392
15%
L Lévignac-de-Guyenne 681
15%
M Madaillan 664
15%
M Monbahus 629
15%
M Monteton 325
15%
N Nicole 231
15%
Sᵗ Saint-Aubin 386
15%
Sᵗ Saint-Barthélémy-d'Agenais 512
15%
Sᵗ Saint-Vite 1 177
15%
T Trentels 889
15%
V Villefranche-du-Queyran 404
15%
B Birac-sur-Trec 851
14%
C Calignac 483
14%
C Coulx 246
14%
C Cuzorn 849
14%
D Dolmayrac 716
14%
F Fongrave 620
14%
G Grateloup-Saint-Gayrand 455
14%
(La) R La Réunion 506
14%
M Monbalen 447
14%
M Montignac-de-Lauzun 286
14%
M Montignac-Toupinerie 142
14%
Sᵗ Saint-Léger 138
14%
Sᵗ Saint-Nicolas-de-la-Balerme 424
14%
A Allez-et-Cazeneuve 604
13%
F Fieux 337
13%
F Fourques-sur-Garonne 1 322
13%
L Lougratte 418
13%
M Monségur 401
13%
M Montastruc 238
13%
M Montesquieu 755
13%
Sᵗ Saint-Pastour 374
13%
S Saumont 250
13%
S Sauvagnas 522
13%
T Tayrac 378
13%
A Agnac 458
12%
C Caumont-sur-Garonne 809
12%
E Escassefort 626
12%
F Fauillet 859
12%
F Frégimont 266
12%
G Granges-sur-Lot 587
12%
H Hautefage-la-Tour 1 022
12%
M Moncrabeau 737
12%
Sᵗ Saint-Caprais-de-Lerm 689
12%
S Savignac-sur-Duras 216
12%
S Savignac-sur-Leyze 313
12%
V Verteuil-d'Agenais 546
12%
A Andiran 249
11%
B Boudy-de-Beauregard 402
11%
C Castella 384
11%
C Castelnaud-de-Gratecambe 515
11%
C Cauzac 414
11%
F Frespech 288
11%
L Lagupie 692
11%
M Marcellus 865
11%
M Montpezat 546
11%
P Poudenas 203
11%
Sᵗ Saint-Avit 178
11%
Ste Sainte-Marthe 656
11%
Sᵗ Saint-Front-sur-Lémance 511
11%
Sᵗ Saint-Quentin-du-Dropt 190
11%
V Villeton 457
11%
A Armillac 207
10%
B Blanquefort-sur-Briolance 511
10%
B Bouglon 643
10%
B Bourgougnague 303
10%
C Condezaygues 841
10%
C Couthures-sur-Garonne 368
10%
D Dondas 214
10%
D Durance 280
10%
G Gaujac 242
10%
G Gavaudun 298
10%
L Labastide-Castel-Amouroux 312
10%
L Lacaussade 207
10%
L Lachapelle 99
10%
M Mauvezin-sur-Gupie 610
10%
M Monheurt 190
10%
P Pailloles 319
10%
P Puch-d'Agenais 702
10%
R Réaup-Lisse 598
10%
Ste Sainte-Gemme-Martaillac 384
10%
Sᵗ Saint-Eutrope-de-Born 679
10%
Sᵗ Saint-Maurice-de-Lestapel 104
10%
Sᵗ Saint-Maurin 388
10%
Sᵗ Saint-Pé Saint-Simon 189
10%
Sᵗ Saint-Romain-le-Noble 390
10%
Sᵗ Saint-Sauveur-de-Meilhan 343
10%
S Salles 285
10%
B Bazens 514
9%
B Brugnac 179
9%
C Calonges 589
9%
F Fargues-sur-Ourbise 342
9%
J Jusix 96
9%
L Lavergne 559
9%
M Montpouillan 827
9%
P Peyrière 287
9%
P Pompogne 196
9%
P Puysserampion 246
9%
Ste Sainte-Maure-de-Peyriac 308
9%
Sᵗ Saint-Sardos 296
9%
Sᵗ Saint-Sernin 479
9%
A Agmé 107
8%
A Allons 166
8%
A Auriac-sur-Dropt 173
8%
B Beaugas 337
8%
C Cambes 182
8%
C Caubon-Saint-Sauveur 265
8%
C Cazideroque 242
8%
E Espiens 359
8%
F Ferrensac 200
8%
F Fréchou 226
8%
L Labretonie 175
8%
L Lacépède 311
8%
L Lalandusse 223
8%
L Laperche 141
8%
L Longueville 373
8%
N Nomdieu 253
8%
P Pardaillan 328
8%
P Pinel-Hauterive 567
8%
Sᵗ Saint-Astier 224
8%
Sᵗ Saint-Léon 322
8%
Sᵗ Saint-Urcisse 249
8%
S Sembas 141
8%
T Thouars-sur-Garonne 222
8%
T Trémons 400
8%
A Antagnac 220
7%
A Anthé 199
7%
A Anzex 317
7%
A Auradou 432
7%
B Baleyssagues 187
7%
B Bournel 256
7%
B Boussès 39
7%
C Cassignas 130
7%
C Cours 195
7%
D Doudrac 107
7%
G Galapian 325
7%
G Grayssas 144
7%
L Lagarrigue 276
7%
L Lannes 363
7%
L Lasserre 96
7%
L Laussou 277
7%
L Loubès-Bernac 414
7%
M Massoulès 209
7%
M Mazières-Naresse 102
7%
M Montauriol 203
7%
M Montaut 258
7%
M Moulinet 198
7%
M Moustier 317
7%
P Parranquet 115
7%
P Paulhiac 307
7%
P Pindères 193
7%
P Poussignac 293
7%
R Rayet 177
7%
R Rives 197
7%
R Roumagne 520
7%
Sᵗ Saint-Robert 191
7%
Sᵗ Saint-Sixte 360
7%
S Ségalas 156
7%
S Sénestis 204
7%
T Taillebourg 62
7%
T Tourliac 138
7%
V Villebramar 110
7%
A Ambrus 109
6%
B Blaymont 212
6%
B Bourlens 372
6%
C Caubeyres 268
6%
C Cavarc 160
6%
D Dévillac 149
6%
D Douzains 267
6%
E Engayrac 161
6%
G Grézet-Cavagnan 401
6%
G Guérin 249
6%
H Hautesvignes 173
6%
L Lagruère 335
6%
M Masquières 179
6%
M Massels 116
6%
M Montgaillard-en-Albret 169
6%
M Monviel 77
6%
P Pompiey 201
6%
R Romestaing 159
6%
Sᵗ Saint-Géraud 88
6%
Sᵗ Saint-Salvy 201
6%
S Soumensac 225
6%
T Thézac 207
6%
T Tourtrès 140
6%
A Argenton 317
5%
B Beauziac 232
5%
C Courbiac 107
5%
E Esclottes 155
5%
R Razimet 290
5%
R Ruffiac 180
5%
S Sauméjan 93
5%
L Leyritz-Moncassin 205
4%
Aucun quiz correspondant
Distribution des résultats
% des personnes avec chaque résultat
Percentile par nombre de réponses
Votre historique - résultats
Vous n’avez pas pris ce quiz